[Event "CZE-ch U14 Girls"]
[Site "Kouty nad Desnou"]
[Date "2015.03.13"]
[Round "8"]
[White "Vanharova, Lucie"]
[Black "Koucha, Maryam Amina"]
[Result "0-1"]
[WhiteElo "1067"]
[BlackElo "1542"]
[PlyCount "92"]
[EventDate "2015.03.07"]
[EventType "swiss"]
[EventRounds "9"]
[EventCountry "CZE"]
[SourceTitle "EXT 2017"]
[Source "ChessBase"]
[SourceDate "2016.10.25"]
[SourceVersion "1"]
[SourceVersionDate "2016.10.25"]
[SourceQuality "1"]

1. e4 d6 2. d4 g6 3. Nf3 Bg7 4. Nc3 Nf6 5. e5 dxe5 6. dxe5 Qxd1+ 7. Nxd1 Nd5 8. Bc4 Nb6 9. Bb3 Bg4 10. Ne3 Bxf3 11. gxf3 Bxe5 12. 0-0 Nc6 13. c3 Rd8 14. Ng2 Rd3 15. f4 Bg7 16. Be3 0-0 17. Bxb6 cxb6 18. Rad1 Rfd8 19. Rxd3 Rxd3 20. Rd1 Rxd1+ 21. Bxd1 e5 22. Bf3 Kf8 23. Kf1 exf4 24. Nxf4 Be5 25. Bxc6 bxc6 26. Nd3 Bxh2 27. f4 Bg3 28. Kg2 Bh4 29. Kh3 Be7 30. Ne5 c5 31. Nd7+ Ke8 32. Ne5 Bd6 33. Nd3 c4 34. Ne5 Bxe5 35. fxe5 Ke7 36. Kg4 Ke6 37. Kf4 h5 38. b4 cxb3 39. axb3 h4 40. Kg4 g5 41. Kh3 Kxe5 42. b4 f5 43. c4 f4 44. c5 bxc5 45. bxc5 Kd5 46. c6 Kxc6 0-1

[Event "CZE-ch U14 Girls"]
[Site "Kouty nad Desnou"]
[Date "2015.03.10"]
[Round "4"]
[White "Vanharova, Lucie"]
[Black "Schwarzova, Natalie"]
[Result "0-1"]
[WhiteElo "1067"]
[BlackElo "1452"]
[PlyCount "70"]
[EventDate "2015.03.07"]
[EventType "swiss"]
[EventRounds "9"]
[EventCountry "CZE"]
[SourceTitle "EXT 2017"]
[Source "ChessBase"]
[SourceDate "2016.10.25"]
[SourceVersion "1"]
[SourceVersionDate "2016.10.25"]
[SourceQuality "1"]

1. e4 d5 2. e5 Nc6 3. d4 f6 4. Bb5 Qd7 5. Nf3 a6 6. Bxc6 Qxc6 7. 0-0 Bg4 8. Nc3 0-0-0 9. h3 Bh5 10. Bf4 g5 11. Bg3 Bg7 12. Qd3 g4 13. hxg4 Bxg4 14. Nh2 Bh5 15. Qe3 fxe5 16. Bxe5 Bxe5 17. Qxe5 Nf6 18. Qxe7 Rde8 19. Qc5 Qe6 20. Rae1 Qf7 21. Rxe8+ Rxe8 22. g4 Nxg4 23. Nxg4 Bxg4 24. Qxd5 Be6 25. Qg2 Rg8 26. Qg3 Rxg3+ 27. fxg3 Qg8 28. d5 Bxd5 29. Nxd5 Qxd5 30. Rf8+ Kd7 31. Rh8 Qd4+ 32. Kg2 Qxh8 33. g4 Qxb2 34. Kg3 Qe5+ 35. Kh4 h6 0-1